[Event "NED-ch 1991"]
[Site "Eindhoven"]
[Date "1991.??.??"]
[Round "7"]
[White "Hoeksema, Erik"]
[Black "Van Wely, Loek"]
[Result "1/2-1/2"]
[WhiteElo "2380"]
[BlackElo "2475"]
[Annotator "Knaak"]
[PlyCount "84"]
[EventDate "1991.06.??"]
[Source "ChessBase"]
[SourceDate "2004.01.01"]

1. d4 Nf6 2. c4 g6 3. Nc3 Bg7 4. e4 d6 5. f3 O-O 6. Be3 Nbd7 7. Nh3 c5 $6 (7...
e5) 8. d5 a6 9. a4 Ne5 10. Nf2 e6 11. Be2 exd5 12. cxd5 $14 {In A65 erreicht
Weiss nicht die gute N-Stellung auf f2, weil Schwarz mit Nbd7  wartet bis Nge2
gespielt wurde. Und Nh3 Bxh3.} 12... h5 13. Bg5 Rb8 14. O-O Qc7 15. Qd2 Nh7 16.
Bh6 f5 17. Bxg7 Qxg7 18. f4 Nf7 19. Rae1 Bd7 20. Bf3 Rbe8 21. exf5 (21. a5 $5)
21... Bxf5 22. Nce4 Nf6 23. b4 (23. a5 $5) 23... b6 24. Nxf6+ Qxf6 25. Ne4 Bxe4
26. Bxe4 Re7 $6 (26... Kg7 27. Bc2 Nh6 $13) 27. Bxg6 $1 Rxe1 28. Bxf7+ Rxf7 29.
Qxe1 Qd4+ 30. Kh1 Qxd5 (30... Rxf4 $2 31. Qg3+ Rg4 32. Qxd6 $18) 31. bxc5 bxc5
32. Rf3 $16 {>< Kg8} 32... Re7 33. Qg3+ Kh7 34. h3 Qf5 35. Qh4 Rg7 36. Kh2 Rb7
37. Rg3 Rf7 38. Qd8 Qf6 39. Qg8+ (39. Qe8 $1 Kh6 40. f5 $1 Rf8 $8 (40... Qxf5
41. Rf3 $18) 41. Qe3+ (41. Rg6+ Kh7 42. Rxf6 Rxe8 43. Rxd6 h4 44. Rxa6 Re4 45.
a5 Rf4 46. f6 Kg6 47. Rc6 Rc4 48. a6 Ra4 49. Kg1) 41... Kh7 42. Qe2 Qf7 (42...
d5 43. Qxh5+ {+/-/+-}) 43. Rg5 h4 44. Rh5+ Kg7 45. Qg4+ Kf6 46. Qxh4+ Ke5 47.
f6+ Ke6 48. Qg4+ Kxf6 49. Rf5+ $18) 39... Kh6 40. Kh1 Qa1+ 41. Kh2 Qf6 42. Kh1
(42. Qe8 Qxf4 43. Qh8+ Rh7 44. Qg8 Qf6 $13) 42... Qa1+ 1/2-1/2

[Event "NED-ch 1991"]
[Site "Eindhoven"]
[Date "1991.??.??"]
[Round "7"]
[White "Kuijf, Rini"]
[Black "Pieterse, Gert"]
[Result "1/2-1/2"]
[WhiteElo "2460"]
[BlackElo "2405"]
[PlyCount "92"]
[EventDate "1991.06.??"]
[Source "ChessBase"]
[SourceDate "2004.01.01"]

1. e4 c6 2. d4 d5 3. exd5 cxd5 4. c4 Nf6 5. Nc3 g6 6. cxd5 Nxd5 7. Bc4 Nb6 8.
Bb3 Bg7 9. Nf3 O-O 10. O-O Bg4 11. h3 Bxf3 12. Qxf3 Nc6 13. Rd1 Rc8 14. Bg5 Qd7
15. Ne4 h6 16. Be3 Qf5 17. Qxf5 gxf5 18. Ng3 f4 19. Bxf4 Nxd4 20. Be3 Rfd8 21.
Rd2 e6 22. Rad1 Nc6 23. Nh5 Rxd2 24. Rxd2 Na5 25. Nxg7 Nxb3 26. axb3 Kxg7 27.
Rd4 Nd5 28. Rg4+ Kh7 29. Bd4 f6 30. Re4 e5 31. Bxa7 Rc2 32. Re1 Rd2 33. g3 Kg6
34. Bc5 Rxb2 35. Rd1 Nc7 36. b4 Na6 37. Rd7 Nxc5 38. bxc5 Rb5 39. Rc7 Kf5 40.
Kg2 Ke4 41. h4 Kd5 42. Rh7 Rxc5 43. Rxb7 Rc6 44. h5 f5 45. Re7 e4 46. Re8 Rc2
1/2-1/2

[Event "NED-ch 1991"]
[Site "Eindhoven"]
[Date "1991.??.??"]
[Round "7"]
[White "Piket, Jeroen"]
[Black "Van der Sterren, Paul"]
[Result "1/2-1/2"]
[WhiteElo "2590"]
[BlackElo "2485"]
[PlyCount "39"]
[EventDate "1991.06.??"]
[Source "ChessBase"]
[SourceDate "2004.01.01"]

1. d4 d5 2. Nf3 Nf6 3. c4 e6 4. Nc3 Be7 5. Bg5 h6 6. Bh4 O-O 7. e3 b6 8. Rc1
Bb7 9. Be2 dxc4 10. Bxc4 Nbd7 11. O-O c5 12. Bg3 Nh5 13. Re1 Nxg3 14. hxg3 Nf6
15. a3 Rc8 16. Ne5 Nd7 17. Nxd7 Qxd7 18. d5 exd5 19. Nxd5 Bxd5 20. Qxd5 1/2-1/2

[Event "NED-ch 1991"]
[Site "Eindhoven"]
[Date "1991.??.??"]
[Round "8"]
[White "Pieterse, Gert"]
[Black "Hoeksema, Erik"]
[Result "1/2-1/2"]
[WhiteElo "2405"]
[BlackElo "2380"]
[PlyCount "36"]
[EventDate "1991.06.??"]
[Source "ChessBase"]
[SourceDate "2004.01.01"]

1. d4 Nf6 2. c4 e6 3. Nf3 b6 4. Nc3 Bb4 5. Qb3 c5 6. a3 Ba5 7. Bg5 Nc6 8. e3 h6
9. Bxf6 Qxf6 10. Rd1 O-O 11. Be2 Ba6 12. O-O Bxc3 13. Qxc3 cxd4 14. Nxd4 Nxd4
15. Rxd4 d5 16. Qd2 Bxc4 17. Bxc4 dxc4 18. Rxc4 Rfd8 1/2-1/2

[Event "NED-ch 1991"]
[Site "Eindhoven"]
[Date "1991.??.??"]
[Round "8"]
[White "Van der Sterren, Paul"]
[Black "Van Mil, Johan"]
[Result "1/2-1/2"]
[WhiteElo "2485"]
[BlackElo "2415"]
[PlyCount "50"]
[EventDate "1991.06.??"]
[Source "ChessBase"]
[SourceDate "2004.01.01"]

1. d4 f5 2. g3 Nf6 3. Bg2 g6 4. c4 Bg7 5. Nc3 O-O 6. Nh3 d6 7. d5 Na6 8. O-O
Nc5 9. Nf4 e5 10. dxe6 c6 11. Be3 Qe7 12. h3 g5 13. Nd3 Nxe6 14. Qd2 h6 15. f4
Nh5 16. Bf2 Bd7 17. Rad1 Be8 18. e3 Nf6 19. Rde1 Bg6 20. e4 fxe4 21. Nxe4 gxf4
22. gxf4 Nxe4 23. Bxe4 Bxe4 24. Rxe4 Qf7 25. Rfe1 Rae8 1/2-1/2

[Event "NED-ch 1991"]
[Site "Eindhoven"]
[Date "1991.??.??"]
[Round "9"]
[White "Bosboom, Manuel"]
[Black "Van Wely, Loek"]
[Result "0-1"]
[WhiteElo "2460"]
[BlackElo "2475"]
[PlyCount "84"]
[EventDate "1991.06.??"]
[Source "ChessBase"]
[SourceDate "2004.01.01"]

1. c4 g6 2. Nc3 Bg7 3. g3 c5 4. Bg2 Nc6 5. Rb1 Nh6 6. Nf3 Nf5 7. O-O O-O 8. a3
a5 9. d3 b6 10. Bd2 Bb7 11. Na4 Qc7 12. Re1 Ncd4 13. Nxd4 Nxd4 14. Bxb7 Qxb7
15. Nc3 b5 16. cxb5 Nxb5 17. Be3 Nd4 18. Bxd4 Bxd4 19. Na4 d6 20. Qc2 Rfb8 21.
e3 Bf6 22. b3 Ra7 23. Qc4 Qb5 24. Qe4 Rab7 25. Rec1 Qd7 26. Nc3 Rxb3 27. Rxb3
Rxb3 28. Nd5 Rxa3 29. d4 Kg7 30. dxc5 dxc5 31. Rxc5 a4 32. Kg2 Ra1 33. Rc7 Qb5
34. Nxf6 exf6 35. Qe7 Qf1+ 36. Kf3 Qh1+ 37. Kf4 Qd5 38. e4 Qa2 39. Kg4 Qe2+ 40.
Kh3 Qf1+ 41. Kg4 h5+ 42. Kf3 Qh1+ 0-1

[Event "NED-ch 1991"]
[Site "Eindhoven"]
[Date "1991.??.??"]
[Round "9"]
[White "De Boer, Gert Jan"]
[Black "Pieterse, Gert"]
[Result "1-0"]
[WhiteElo "2430"]
[BlackElo "2405"]
[PlyCount "77"]
[EventDate "1991.06.??"]
[Source "ChessBase"]
[SourceDate "2004.01.01"]

1. e4 c6 2. d4 d5 3. e5 Bf5 4. Nf3 e6 5. Be2 c5 6. c3 Nc6 7. O-O Qb6 8. Qa4
cxd4 9. Nxd4 Bxb1 10. Rxb1 Qa5 11. Qxa5 Nxa5 12. Bb5+ Kd8 13. b4 Nc4 14. Bxc4
dxc4 15. Rd1 Kc8 16. Bg5 Ne7 17. Nb5 Nd5 18. Rd4 a6 19. Rxc4+ Kd7 20. Na3 f6
21. exf6 gxf6 22. Bd2 a5 23. Rb3 axb4 24. cxb4 Be7 25. Kf1 Ra4 26. Rd4 Rha8 27.
Nc4 Ke8 28. a3 b5 29. Ne3 Nb6 30. Bc1 Rc8 31. Bb2 f5 32. g4 Nc4 33. Nxc4 bxc4
34. Re3 c3 35. Bc1 fxg4 36. Rxg4 Rd8 37. Rg8+ Bf8 38. Rxc3 Ra7 39. Bh6 1-0

[Event "NED-ch 1991"]
[Site "Eindhoven"]
[Date "1991.??.??"]
[Round "9"]
[White "Hoeksema, Erik"]
[Black "Piket, Jeroen"]
[Result "1/2-1/2"]
[WhiteElo "2380"]
[BlackElo "2590"]
[PlyCount "50"]
[EventDate "1991.06.??"]
[Source "ChessBase"]
[SourceDate "2004.01.01"]

1. d4 d5 2. c4 dxc4 3. e3 g6 4. Bxc4 Bg7 5. Nc3 Nf6 6. Nf3 O-O 7. O-O a6 8. a4
Nc6 9. h3 Nd7 10. a5 b5 11. axb6 cxb6 12. Qe2 Bb7 13. Rd1 b5 14. Ba2 Nb4 15.
Bb1 e6 16. e4 Re8 17. Bd2 Qe7 18. Qe1 Bf8 19. Bf4 Rac8 20. h4 f6 21. Qe2 Kh8
22. Na2 Nc6 23. Nc3 Nb4 24. Na2 Nc6 25. Nc3 Nb4 1/2-1/2

[Event "NED-ch 1991"]
[Site "Eindhoven"]
[Date "1991.??.??"]
[Round "9"]
[White "Kuijf, Rini"]
[Black "Van der Sterren, Paul"]
[Result "1-0"]
[WhiteElo "2460"]
[BlackElo "2485"]
[PlyCount "89"]
[EventDate "1991.06.??"]
[Source "ChessBase"]
[SourceDate "2004.01.01"]

1. e4 c6 2. c4 e5 3. Nf3 d6 4. d4 Nd7 5. Nc3 Ngf6 6. Be2 g6 7. O-O Bg7 8. dxe5
dxe5 9. Rb1 a5 10. a3 a4 11. Be3 O-O 12. Nd2 Qa5 13. c5 b5 14. cxb6 Nxb6 15.
Bxb6 Qxb6 16. Nxa4 Qd4 17. Nc3 Rd8 18. Nf3 Qb6 19. Qc1 Bg4 20. Rd1 Bxf3 21.
Rxd8+ Rxd8 22. Bxf3 Qb3 23. Bd1 Qc4 24. Qc2 Rd4 25. Be2 Qc5 26. b4 Qd6 27. Rd1
h5 28. Rxd4 exd4 29. Na4 Ng4 30. Bxg4 d3 31. Qc5 Qf6 32. e5 Qf4 33. Qe3 Qxe3
34. fxe3 hxg4 35. Kf2 Bxe5 36. g3 f5 37. Nc5 d2 38. Ke2 Kf7 39. Nd3 Bd6 40.
Kxd2 g5 41. Kc3 Ke6 42. Kc4 Be7 43. a4 Kd6 44. Nc5 Bf6 45. a5 1-0

[Event "NED-ch 1991"]
[Site "Eindhoven"]
[Date "1991.??.??"]
[Round "9"]
[White "Van Mil, Johan"]
[Black "Nijboer, Friso"]
[Result "1/2-1/2"]
[WhiteElo "2415"]
[BlackElo "2465"]
[PlyCount "65"]
[EventDate "1991.06.??"]
[Source "ChessBase"]
[SourceDate "2004.01.01"]

1. e4 d6 2. d4 g6 3. c3 Nf6 4. Nd2 Bg7 5. Ngf3 O-O 6. Be2 Nh5 7. O-O Nf4 8. a4
Nd7 9. Nc4 Nxe2+ 10. Qxe2 Nb6 11. Ne3 c6 12. c4 Nd7 13. b3 Nf6 14. Qc2 b5 15.
axb5 cxb5 16. Bb2 Bb7 17. d5 a6 18. cxb5 axb5 19. Nd4 Rxa1 20. Rxa1 Qb6 21. Nc6
Bxc6 22. dxc6 Rc8 23. Nd5 Nxd5 24. exd5 Bxb2 25. Qxb2 e6 26. dxe6 fxe6 27. Qf6
Qxc6 28. Qxe6+ Kg7 29. Qe7+ Kg8 30. Qe6+ Kg7 31. h4 Rc7 32. Rd1 Qc5 33. Qxd6
1/2-1/2

[Event "NED-ch 1991"]
[Site "Eindhoven"]
[Date "1991.??.??"]
[Round "10"]
[White "Kuijf, Rini"]
[Black "Hoeksema, Erik"]
[Result "1/2-1/2"]
[WhiteElo "2460"]
[BlackElo "2380"]
[PlyCount "50"]
[EventDate "1991.06.??"]
[Source "ChessBase"]
[SourceDate "2004.01.01"]

1. e4 c5 2. Nf3 d6 3. d4 cxd4 4. Qxd4 a6 5. Be3 Nc6 6. Qb6 Qxb6 7. Bxb6 Nf6 8.
Nc3 Bg4 9. h3 Bxf3 10. gxf3 g6 11. Be3 Bg7 12. h4 O-O-O 13. O-O-O h5 14. Kb1
Nd7 15. Na4 Kc7 16. c4 Nc5 17. Nc3 Bxc3 18. bxc3 Ne5 19. Be2 Ned7 20. Kc2 Rc8
21. Rhg1 Kb8 22. Rb1 Rc7 23. Rb4 Rhc8 24. Rgb1 Ka8 25. R4b2 Na4 1/2-1/2

[Event "NED-ch 1991"]
[Site "Eindhoven"]
[Date "1991.??.??"]
[Round "10"]
[White "Pieterse, Gert"]
[Black "Bosboom, Manuel"]
[Result "1/2-1/2"]
[WhiteElo "2405"]
[BlackElo "2460"]
[PlyCount "121"]
[EventDate "1991.06.??"]
[Source "ChessBase"]
[SourceDate "2004.01.01"]

1. d4 g6 2. c4 Bg7 3. Nc3 d6 4. e4 Nf6 5. h3 O-O 6. Be3 c6 7. Nf3 a6 8. Be2 b5
9. a3 bxc4 10. Bxc4 Nxe4 11. Nxe4 d5 12. Bd3 dxe4 13. Bxe4 Be6 14. Rc1 Bd5 15.
Bxd5 cxd5 16. Ne5 Qd6 17. O-O f6 18. Nd3 Nd7 19. Nb4 Rac8 20. Qa4 Nb8 21. Rc5
e6 22. Rfc1 Rce8 23. g3 g5 24. Rc7 h6 25. Ra7 Rc8 26. Rxc8 Rxc8 27. Ra8 Kh7 28.
Nxa6 Rc4 29. Qb5 Nc6 30. Nc5 Nxd4 31. Bxd4 Rxd4 32. Ra6 Qe5 33. Rxe6 Qf5 34.
Qe2 Qb1+ 35. Kh2 Rd1 36. Qf3 f5 37. Re7 g4 38. hxg4 fxg4 39. Qxg4 Rh1+ 40. Kg2
Rg1+ 41. Kf3 Qd1+ 42. Re2 Bxb2 43. Qf5+ Kh8 44. Nd3 Bd4 45. Qf8+ Kh7 46. Qf7+
Kh8 47. Nf4 Bg7 48. Ng6+ Kh7 49. Nf8+ Kh8 50. Ng6+ Kh7 51. Qf5 Qb1 52. Nf8+ Kh8
53. Ng6+ Kh7 54. Ne7+ Qxf5+ 55. Nxf5 Bc3 56. Ra2 Re1 57. a4 d4 58. Nd6 d3 59.
Nc4 Rc1 60. Nd2 Rc2 61. Rxc2 1/2-1/2

[Event "NED-ch 1991"]
[Site "Eindhoven"]
[Date "1991.??.??"]
[Round "10"]
[White "Piket, Jeroen"]
[Black "De Boer, Gert Jan"]
[Result "1-0"]
[WhiteElo "2590"]
[BlackElo "2430"]
[PlyCount "89"]
[EventDate "1991.06.??"]
[Source "ChessBase"]
[SourceDate "2004.01.01"]

1. d4 Nf6 2. Nf3 g6 3. Bg5 Bg7 4. Nbd2 d5 5. e3 O-O 6. Be2 Nbd7 7. O-O Re8 8.
c4 c5 9. cxd5 Nxd5 10. Qb3 N5f6 11. Rac1 cxd4 12. Nxd4 Qa5 13. N2f3 a6 14. Bc4
Rf8 15. Qc2 Nb6 16. Bb3 e5 17. Bxf6 Bxf6 18. Ne2 Bf5 19. e4 Rac8 20. Nc3 Bg4
21. Qe2 Kg7 22. h3 Bd7 23. Rfd1 Bc6 24. Qe3 Rfd8 25. h4 Qb4 26. h5 a5 27. h6+
Kg8 28. Ng5 Be8 29. Rxd8 Rxd8 30. Nd5 Nxd5 31. Bxd5 Qe7 32. Nf3 Qb4 33. Rc7 Rd7
34. Rc8 Rd8 35. Rxd8 Bxd8 36. Nxe5 Qxb2 37. Qf4 g5 38. Qf5 Qc1+ 39. Kh2 Qc7 40.
f4 Qe7 41. g3 gxf4 42. gxf4 Kh8 43. Bxf7 Qh4+ 44. Kg2 Bb5 45. Bc4 1-0

[Event "NED-ch 1991"]
[Site "Eindhoven"]
[Date "1991.??.??"]
[Round "10"]
[White "Van Wely, Loek"]
[Black "Brenninkmeijer, Joris"]
[Result "1-0"]
[WhiteElo "2475"]
[BlackElo "2525"]
[PlyCount "77"]
[EventDate "1991.06.??"]
[Source "ChessBase"]
[SourceDate "2004.01.01"]

1. d4 Nf6 2. Nf3 d5 3. Bf4 c5 4. e3 Nc6 5. c3 Qb6 6. Qb3 c4 7. Qc2 Bf5 8. Qc1
e6 9. Nbd2 Rc8 10. Nh4 Be4 11. f3 Bd3 12. Bxd3 cxd3 13. g4 h6 14. Ng2 g5 15.
Bg3 h5 16. gxh5 Nxh5 17. Bf2 Nb4 18. Kf1 Bd6 19. Kg1 Ke7 20. Nf1 Nc2 21. Rb1
Qa6 22. a3 Rcg8 23. h3 f5 24. Qd2 f4 25. Rd1 fxe3 26. Nfxe3 Nxe3 27. Bxe3 Ng3
28. Bxg5+ Kd7 29. h4 Nxh1 30. Kxh1 e5 31. dxe5 Bxe5 32. f4 Bf6 33. Kg1 Qb6+ 34.
Qf2 Bd8 35. Rxd3 Qxf2+ 36. Kxf2 Ke6 37. Kf3 Bxg5 38. fxg5 Ke5 39. Nf4 1-0

[Event "NED-ch 1991"]
[Site "Eindhoven"]
[Date "1991.??.??"]
[Round "10"]
[White "Van der Sterren, Paul"]
[Black "Nijboer, Friso"]
[Result "1-0"]
[WhiteElo "2485"]
[BlackElo "2465"]
[PlyCount "91"]
[EventDate "1991.06.??"]
[Source "ChessBase"]
[SourceDate "2004.01.01"]

1. d4 Nf6 2. c4 g6 3. Nc3 Bg7 4. e4 d6 5. f3 O-O 6. Be3 Nbd7 7. Nh3 a6 8. Be2
c6 9. O-O b5 10. Nf2 Bb7 11. Rc1 e5 12. d5 cxd5 13. cxd5 Nh5 14. Nd3 f5 15. a4
Nf4 16. axb5 fxe4 17. fxe4 Qg5 18. Bg4 Nh3+ 19. Bxh3 Qxe3+ 20. Kh1 Rxf1+ 21.
Qxf1 Rf8 22. Qe2 Qxe2 23. Nxe2 Bh6 24. Be6+ Kh8 25. Ra1 Nb8 26. h4 Be3 27. Nb4
Rf2 28. Bg4 axb5 29. Bf3 Bb6 30. Nd3 Rxe2 31. Bxe2 Na6 32. b4 Kg7 33. Bg4 Nc7
34. Rf1 Bd4 35. Bd7 h5 36. Kh2 Bb6 37. g4 hxg4 38. Kg3 Bd4 39. Kxg4 Bb6 40. Rf3
Bd4 41. Rf1 Bb6 42. Kg3 Bd4 43. Rc1 Bb6 44. Nc5 dxc5 45. bxc5 Ba5 46. Ra1 1-0

[Event "NED-ch 1991"]
[Site "Eindhoven"]
[Date "1991.??.??"]
[Round "10"]
[White "Van der Wiel, John"]
[Black "Van Mil, Johan"]
[Result "1-0"]
[WhiteElo "2530"]
[BlackElo "2415"]
[Annotator "Blatny,P"]
[PlyCount "47"]
[EventDate "1991.06.??"]
[Source "ChessBase"]
[SourceDate "2004.01.01"]

1. e4 c6 2. Nc3 d5 3. Nf3 Bg4 4. h3 Bxf3 (4... Bh5 5. exd5 cxd5 6. g4 Bg6 7.
Bb5+ Nc6 8. Ne5 {--> Van der Wiel-Van der Sterren CBM26}) 5. Qxf3 Nf6 (5... e6
6. d3 Nd7 7. Be2 {--> Anand-Karpov, Brussel(m-3) CBM25}) 6. d3 {[+]} 6... e6 7.
Bd2 Nbd7 8. g4 {|^>>} 8... g6 9. Qg2 (9. Qg3 {/^h2-b8; /\10.f4 11.g5 ->>>})
9... Bd6 (9... Qb6 10. O-O-O O-O-O {+/=/=}) 10. f4 d4 11. Ne2 e5 12. fxe5 (12.
f5 gxf5 13. gxf5 (13. g5 fxe4 14. gxf6 e3 $17) (13. exf5 Qb6 14. O-O-O $132)
13... Rg8 $15 {/\Qb6|^<<}) 12... Bxe5 13. g5 Nh5 {><f4} 14. O-O-O O-O {<-> f} (
14... Qc7 15. Qf2 {><f7; /\16.h4 17.Bh3 /^h3-c8 +/-/+/=} 15... Ng3 $13) 15. h4
f5 (15... Qb6 $142 16. Qg1 Nc5 $1 {/\-><<} 17. Kb1 Na4 18. b3 (18. Bc1 $2 Nf4
19. Qf2 $8 Nxe2 20. Bxe2 Bd6 $40) 18... Nc5 19. Bc1 $132) 16. exf5 Rxf5 17. Qg1
$1 {><d4;/\Bh3} 17... Nc5 18. Bh3 Rf8 (18... Rf7 19. Bb4 {/\20.Bc5 21.Be6 +-})
19. Kb1 (19. Bb4 $6 Qb6 (19... Qd6 {/\Nd3} 20. Kb1 (20. c3 {/^g1-a7; ><c5}
20... Nf4 $1 21. Nxf4 Bxf4+ {/\Be3,a5->}) 20... a5 {/\b5 -><<}) 20. Ba3 {
/^a3-f8; ><b2}) 19... Qd6 20. Bg4 Rf7 $2 (20... Rae8 21. Bb4 b6 (21... Nf4 $13)
22. c3) 21. Bb4 $16 {/\Bxc5; /\c3+-} 21... Kh8 $2 (21... Nf4 $142 22. Ng3 {
/\Ne4,h5+/-}) 22. c3 $1 $18 Nf4 (22... Qd5 23. Bxc5 Qxc5 24. cxd4 $18) 23. cxd4
Nxe2 24. dxe5 (24. dxe5 Nxg1 (24... Qxe5 25. Qxc5 $18) 25. exd6 $18) 1-0

[Event "NED-ch 1991"]
[Site "Eindhoven"]
[Date "1991.??.??"]
[Round "11"]
[White "Brenninkmeijer, Joris"]
[Black "Pieterse, Gert"]
[Result "1-0"]
[WhiteElo "2525"]
[BlackElo "2405"]
[PlyCount "105"]
[EventDate "1991.06.??"]
[Source "ChessBase"]
[SourceDate "2004.01.01"]

1. d4 Nf6 2. c4 d6 3. Nc3 Bf5 4. Nf3 c6 5. g3 h6 6. Bg2 Nbd7 7. O-O e5 8. Nh4
Bh7 9. d5 g5 10. Nf3 c5 11. Ne1 a6 12. a4 e4 13. f4 exf3 14. exf3 Bg7 15. f4 g4
16. Nd3 Bf5 17. Re1+ Kf8 18. Be3 h5 19. Bf2 h4 20. a5 Nh5 21. Ne4 Qc7 22. Qd2
Rc8 23. Rac1 Ndf6 24. b4 Nxe4 25. Bxe4 Bxe4 26. Rxe4 Qd7 27. gxh4 g3 28. Bxg3
Bd4+ 29. Kg2 Qf5 30. Rce1 Nf6 31. Re7 cxb4 32. Nxb4 Rxc4 33. Qd3 Qc8 34. Nc6
bxc6 35. Qxc4 c5 36. Qd3 Qg4 37. Qf3 Qf5 38. Ra7 Kg7 39. Rxa6 Rb8 40. Rb6 Ra8
41. a6 c4 42. Rc6 Bc5 43. Bf2 Bxf2 44. Kxf2 Kh8 45. Kg1 Rg8+ 46. Kh1 Ng4 47.
Rf1 Qc2 48. Qg2 Qd3 49. Rxd6 Kh7 50. a7 Ne3 51. Qxg8+ Kxg8 52. a8=Q+ Kh7 53.
Rh6+ 1-0

[Event "NED-ch 1991"]
[Site "Eindhoven"]
[Date "1991.??.??"]
[Round "11"]
[White "Hoeksema, Erik"]
[Black "Van der Sterren, Paul"]
[Result "1/2-1/2"]
[WhiteElo "2380"]
[BlackElo "2485"]
[PlyCount "97"]
[EventDate "1991.06.??"]
[Source "ChessBase"]
[SourceDate "2004.01.01"]

1. c4 e6 2. Nc3 d5 3. d4 Be7 4. cxd5 exd5 5. Bf4 c6 6. Qc2 Bg4 7. f3 Bh5 8.
O-O-O Nf6 9. e3 Bg6 10. Bd3 Na6 11. Bxg6 hxg6 12. g4 Bd6 13. Nge2 Bxf4 14. Nxf4
Qe7 15. Rde1 Nb4 16. Qd2 g5 17. a3 Na6 18. e4 Kf8 19. Nd3 dxe4 20. Nxe4 Nxe4
21. Rxe4 Qd8 22. f4 gxf4 23. Rxf4 Kg8 24. Rhf1 f6 25. Qc2 Qd5 26. Kb1 Rh6 27.
Re1 Rd8 28. Rfe4 Nc7 29. Nf4 Qd6 30. Qb3+ Nd5 31. Ne6 Re8 32. Qxb7 Rg6 33. Ka1
Rb8 34. Qxa7 Qxh2 35. R4e2 Qd6 36. g5 fxg5 37. Qa6 Re8 38. Nc5 Rxe2 39. Qxe2
Rf6 40. Qh5 Qg3 41. Re8+ Rf8 42. Rxf8+ Kxf8 43. Ne6+ Ke7 44. Nxg5 Qg1+ 45. Ka2
Qxd4 46. Qf7+ Kd6 47. Qf8+ Kd7 48. Qf5+ Kd6 49. Qf8+ 1/2-1/2

[Event "NED-ch 1991"]
[Site "Eindhoven"]
[Date "1991.??.??"]
[Round "11"]
[White "Nijboer, Friso"]
[Black "Van der Wiel, John"]
[Result "1/2-1/2"]
[WhiteElo "2465"]
[BlackElo "2530"]
[PlyCount "38"]
[EventDate "1991.06.??"]
[Source "ChessBase"]
[SourceDate "2004.01.01"]

1. e4 e5 2. Nf3 Nc6 3. d4 exd4 4. Nxd4 Bc5 5. Be3 Qf6 6. c3 Nge7 7. Bc4 O-O 8.
O-O Bb6 9. Bb3 Na5 10. Nc2 Qg6 11. Re1 d6 12. Nd2 Nxb3 13. axb3 Bh3 14. Qf3 Bd7
15. Bxb6 axb6 16. Qg3 Qh6 17. Qe3 Qg6 18. Qg3 Qh6 19. Qe3 Qg6 1/2-1/2

[Event "NED-ch 1991"]
[Site "Eindhoven"]
[Date "1991.??.??"]
[Round "11"]
[White "Van Mil, Johan"]
[Black "Van Wely, Loek"]
[Result "1/2-1/2"]
[WhiteElo "2415"]
[BlackElo "2475"]
[PlyCount "32"]
[EventDate "1991.06.??"]
[Source "ChessBase"]
[SourceDate "2004.01.01"]

1. e4 d6 2. d4 Nf6 3. Nc3 g6 4. h3 Bg7 5. Nf3 O-O 6. Be3 a6 7. a4 b6 8. Bd3 e6
9. O-O Bb7 10. Qd2 c5 11. Bh6 cxd4 12. Nxd4 Nbd7 13. Bxg7 Kxg7 14. f4 Qc7 15.
Kh1 Nh5 16. Nde2 Qc5 1/2-1/2